00941nam a2200217 a 450000100100000000500170001000800410002704000250006804100390009308200130013210000260014524000380017124502130020926000460042230000210046853400470048970000440053604900090058095201170058999900170070600002610620200930024316.0110301s1970 ve r 000 0 spa d aDO-SdBNPbspacBNPHU17aspahger2Código de idiomas MARC ann*bnn*1 aJungk, Robert.95304410aMenschen im jahr 2000.lEspañol13aLa humanidad del año 2000 :buna visión panorámica de los futuros posibles. Con 20 contribuciones de cientificos conocidos internacionalmente /cRobert Jungk ; traducción de Luis García Villafañe. aCaracas, Venezuela :bMonte Avila,c1970. a351 p. ;c20 cm. aTítulo original :tMenschen im jahr 20001 aGarcía Villafañe. Luis,etr.953045 aBNGR 001054708MOaGRbGRcCTd2011-03-01iLF1l0onn* nn*p26106-10r2020-06-25w2020-06-25y4ZPréstamo en sala c25598d25598